Statistics for NFL Football Multiple Choice

Click here to take the quiz!

General Stats

  • This quiz has been taken 5,327 times
  • The average score is 10 of 15

Answer Stats

Question Answer % Correct
How many time outs does each team get per half?3
88%
What team won the first Super Bowl?Green Bay Packers
84%
Which of these is not a real penalty?Pulling the guard
81%
How did David Tyree catch the ball in the closing minutes of the Giants victory over the Patriots in Super Bowl XLII?Pinning it against his helmet
78%
What is play action?A run fake followed by a pass attempt
78%
What number does J.J. Watt wear?99
76%
What is "Cover Two"?A zone defense with two safeties
72%
Which one of these receivers NEVER played for the Vikings?Steve Largent
71%
In their career, who has caught the most touchdown passes from Tom Brady?Rob Gronkowski
67%
What position did Troy Polamalu play?Strong safety
67%
Who was drafted from Auburn University with the #1 pick in the 1986 draft?Bo Jackson
67%
How many different NFL teams has Los Angeles had in its history?3
65%
Where did Joe Montana play after he left the 49ers?Kansas City Chiefs
65%
What was the average weight of the offensive lineman that participated in the 2017 NFL combine?313 lbs
58%
What is the average success rate of two-point conversions? (From 2001-2016)48%
16%

Score Distribution

Percentile by Number Answered

Percent of People with Each Score

Your Score History

You have not taken this quiz